LIBRARY & INFORMATION CENTRE, KCAET, TAVANUR

ONLINE PUBLIC ACCESS CATALOGUE (OPAC)

Normal view MARC view
  • Rajagopal, M. V

Entry Personal Name

Number of records used in: 1

001 - CONTROL NUMBER

  • control field: 6068

003 - CONTROL NUMBER IDENTIFIER

  • control field: OSt

005 - DATE AND TIME OF LATEST TRANSACTION

  • control field: 20240217143222.0

008 - FIXED-LENGTH DATA ELEMENTS

  • fixed length control field: 240217|| aca||aabn | a|a d

040 ## - CATALOGING SOURCE

  • Original cataloging agency: OSt
  • Transcribing agency: OSt

100 ## - HEADING--PERSONAL NAME

  • Personal name: Rajagopal, M. V

670 ## - SOURCE DATA FOUND

  • Source citation: Work cat.: (OSt)4746: Mudambi, Sumati R . 6066, Fundamentals of food and nutrities / , 1990.
free website counter